Die mittelalterliche Buchmalerei des Abendlandes
| Main Author: | |
|---|---|
| Format: | Print Book |
| Language: | German |
| Subito Delivery Service: | Order now. |
| Check availability: | HBZ Gateway |
| Interlibrary Loan: | Interlibrary Loan for the Fachinformationsdienste (Specialized Information Services in Germany) |
| Published: |
München
Holbein-Verl.
1922
|
| In: | Year: 1922 |
| Standardized Subjects / Keyword chains: | B
Book illumination
/ History 400-1350
B Book illumination B Miniature / Painting / Art |
| Further subjects: | B
Illumination of books and manuscripts Specimens
B Illustrated book B Illumination of books and manuscripts |
| Sammlungen: |
MARC
| LEADER | 00000cam a2200000 c 4500 | ||
|---|---|---|---|
| 001 | 016305507 | ||
| 003 | DE-627 | ||
| 005 | 20251219202022.0 | ||
| 007 | tu | ||
| 008 | 710101s1922 xx ||||| 00| ||ger c | ||
| 010 | |a 28021463 | ||
| 035 | |a (DE-627)016305507 | ||
| 035 | |a (DE-576)9016305505 | ||
| 035 | |a (DE-599)GBV016305507 | ||
| 035 | |a (AT-OBV)AC01964048 | ||
| 040 | |a DE-627 |b ger |c DE-627 |e rakwb | ||
| 041 | |a ger | ||
| 044 | |c XA-DXDE | ||
| 050 | 0 | |a ND2920 | |
| 060 | 0 | |a ND 2920 P529m 1922 | |
| 082 | 0 | |a 745.67 |q OCLC | |
| 084 | |a KU 896 (50) |2 sfb | ||
| 084 | |a 1 |2 ssgn | ||
| 084 | |a LH 72000 |2 rvk |0 (DE-625)rvk/94904: | ||
| 084 | |a 06.19 |2 bkl | ||
| 084 | |a 06.22 |2 bkl | ||
| 084 | |a 21.10 |2 bkl | ||
| 100 | 1 | |0 (DE-588)116166754 |0 (DE-627)077686632 |0 (DE-576)290324076 |4 aut |a Pfister, Kurt |d 1895-1951 | |
| 109 | |a Pfister, Kurt 1895-1951 |a Pfister, Curt 1895-1951 |a Pfister 1895-1951 |a Pfister, Konrad 1895-1951 | ||
| 245 | 1 | 4 | |a Die mittelalterliche Buchmalerei des Abendlandes |c Kurt Pfister |
| 264 | 1 | |a München |b Holbein-Verl. |c 1922 | |
| 300 | |a 40 S., [38] Bl. |b zahlr. Ill. |c 4° | ||
| 336 | |a Text |b txt |2 rdacontent | ||
| 337 | |a ohne Hilfsmittel zu benutzen |b n |2 rdamedia | ||
| 338 | |a Band |b nc |2 rdacarrier | ||
| 500 | |a Von diesem Werk ist eine Vorzugsausg. in 200 numerierten Ex. in Ganzleder gebunden ausgegeben worden | ||
| 583 | 1 | |a Massenentsäuerung nicht möglich |c 2020 |2 pdager |5 DE-18 | |
| 601 | |a Mittelalter | ||
| 601 | |a Abendland | ||
| 650 | 0 | |a Illumination of books and manuscripts | |
| 650 | 0 | |a Illumination of books and manuscripts |v Specimens | |
| 655 | 7 | |a Bildband |0 (DE-588)4145395-5 |0 (DE-627)104450835 |0 (DE-576)209741139 |2 gnd-content | |
| 689 | 0 | 0 | |d s |0 (DE-588)4008650-1 |0 (DE-627)104318244 |0 (DE-576)208877517 |2 gnd |a Buchmalerei |
| 689 | 0 | 1 | |q z |2 gnd |a Geschichte 400-1350 |
| 689 | 0 | |5 DE-101 | |
| 689 | 1 | 0 | |d s |0 (DE-588)4008650-1 |0 (DE-627)104318244 |0 (DE-576)208877517 |2 gnd |a Buchmalerei |
| 689 | 1 | 1 | |q z |2 gnd |a Geschichte 400-1350 |
| 689 | 1 | |5 DE-101 | |
| 689 | 2 | 0 | |d s |0 (DE-588)4008650-1 |0 (DE-627)104318244 |0 (DE-576)208877517 |2 gnd |a Buchmalerei |
| 689 | 2 | |5 (DE-627) | |
| 689 | 3 | 0 | |d s |0 (DE-588)4170041-7 |0 (DE-627)105405388 |0 (DE-576)209927151 |2 gnd |a Miniatur |
| 689 | 3 | 1 | |d s |0 (DE-588)4037220-0 |0 (DE-627)10623871X |0 (DE-576)209022892 |2 gnd |a Malerei |
| 689 | 3 | 2 | |d s |0 (DE-588)4114333-4 |0 (DE-627)105822957 |0 (DE-576)209483733 |2 gnd |a Kunst |
| 689 | 3 | |5 (DE-627) | |
| 935 | |a RFBW |a mteo | ||
| 936 | r | v | |a LH 72000 |b Allgemeine Darstellungen, Geschichte |k Kunstgeschichte |k Allgemeines. Allgemeine Kunstgeschichte |k Kunstgeschichte einzelner Gattungen der Kunst |k Buchmalerei |k Allgemeine Darstellungen, Geschichte |0 (DE-627)1270703978 |0 (DE-625)rvk/94904: |0 (DE-576)200703978 |
| 936 | b | k | |a 06.19 |j Handschriftenkunde: Sonstiges |0 (DE-627)106403389 |
| 936 | b | k | |a 06.22 |j Buchgestaltung |q DA-3 |0 (DE-627)106403591 |
| 936 | b | k | |a 21.10 |j Miniaturmalerei |q ARK |0 (DE-627)10640668X |
| 951 | |a BO | ||
| ELC | |b 1 | ||
| LOK | |0 000 xxxxxcx a22 zn 4500 | ||
| LOK | |0 001 4488217125 | ||
| LOK | |0 003 DE-627 | ||
| LOK | |0 004 016305507 | ||
| LOK | |0 005 20240903102612 | ||
| LOK | |0 008 240220||||||||||||||||ger||||||| | ||
| LOK | |0 040 |a DE-Tue135 |c DE-627 |d DE-Tue135 | ||
| LOK | |0 092 |o n | ||
| LOK | |0 852 |a DE-Tue135 | ||
| LOK | |0 852 1 |9 00 | ||
| LOK | |0 866 |x SPQUE#Reformationsgeschichtliche Forschungsbibliothek Wittenberg#SPSAM#Lutherhaus#SPUSM#Neubestand | ||
| LOK | |0 866 |x SPQUE#Reformationsgeschichtliche Forschungsbibliothek Wittenberg#SPSAM#Predigerseminar#SPUSM#Bestand(1952-2017) | ||
| LOK | |0 935 |a RFBW |a bips |a lglu |a lgnb |a psnb | ||
| LOK | |0 939 |a 20-02-24 |b l01 | ||
| ORI | |a SA-MARC-ixtheoa001.raw | ||
| REF | |a Kunstgeschichte | ||
| REL | |a 1 | ||
| STA | 0 | 0 | |a Art,Art,Visual art,Book illumination,Manuscript illumination,Illumination,Miniature,Painting,Panel painting,Painting in literature,Painting in art |
| STB | 0 | 0 | |a Art,Art,Enluminure,Miniature (peinture),Peinture |
| STC | 0 | 0 | |a Arte,Arte,Iluminura,Miniatura,Pintura |
| STD | 0 | 0 | |a Arte,Arte,Miniatura,Pittura |
| STE | 0 | 0 | |a 书籍彩饰,书籍彩图,绘画,图画,缩图,微型画,艺术 |
| STF | 0 | 0 | |a 書籍彩飾,書籍彩圖,縮圖,微型畫,繪畫,圖畫,藝術 |
| STG | 0 | 0 | |a Arte,Arte,Iluminura,Miniatura,Pintura |
| STH | 0 | 0 | |a Живопись,Живопись в книге,Искусство (мотив),Искусство,Миниатюра |
| STI | 0 | 0 | |a Εικονογράφηση βιβλίων,Ζωγραφική,Μινιατούρα,Μικρογραφία,Τέχνη (μοτίβο),Τέχνη |
| SUB | |a REL | ||
| SYG | 0 | 0 | |a Buchillumination,Handschrift,Handschriftenillustration,Illumination,Miniaturmalerei,Handschrift , Buchillumination,Handschrift,Handschriftenillustration,Illumination,Miniaturmalerei,Handschrift , Buchillumination,Handschrift,Handschriftenillustration,Illumination,Miniaturmalerei,Handschrift , Miniaturmalerei , Gemälde,Holztafelmalerei,Tafelbild,Tafelmalerei , Bildende Kunst,Kunstdenkmal |
| TIM | |a 100004000101_100013501231 |b Geschichte 400-1350 | ||



